Marine Power Plant (Record no. 26883)

000 -LEADER
fixed length control field 02819nam a22004575i 4500
006 - FIXED-LENGTH DATA ELEMENTS--ADDITIONAL MATERIAL CHARACTERISTICS--GENERAL INFORMATION
fixed length control field a|||||o|||| 00| 0
007 - PHYSICAL DESCRIPTION FIXED FIELD--GENERAL INFORMATION
fixed length control field cr nn 008mamaa
008 - FIXED-LENGTH DATA ELEMENTS--GENERAL INFORMATION
fixed length control field 210212s2021 si | s |||| 0|eng d
020 ## - INTERNATIONAL STANDARD BOOK NUMBER
International Standard Book Number 9789813349353
Qualifying information (R) Online Resource 1
072 #7 - SUBJECT CATEGORY CODE
Subject category code TRL
Source bicssc
Subject category code TEC009070
Source bisacsh
Subject category code TRL
Source thema
082 04 - DEWEY DECIMAL CLASSIFICATION NUMBER
Classification number 623.8
Edition number 23
100 1# - MAIN ENTRY--PERSONAL NAME
Personal name Yang, Zongming.
245 10 - TITLE STATEMENT
Title Marine Power Plant
Medium [electronic resource] /
250 ## - EDITION STATEMENT
Edition statement 1st ed. 2021.
260 ## - PUBLICATION, DISTRIBUTION, ETC. (IMPRINT)
Place of publication, distribution, etc London
Name of publisher, distributor, etc Springer
Date of publication, distribution, etc 2021
300 ## - PHYSICAL DESCRIPTION
Extent IX, 335 p. 241 illus., 21 illus. in color.
Other physical details online resource.
505 0# - FORMATTED CONTENTS NOTE
Formatted contents note History of Marine Power Plants -- Overview of Marine Power Plants -- Marine Diesel Power Plants -- Matching Characteristic of Hull, Engine and Propeller -- Marine Steam-Turbine Power Plants -- Marine Gas Turbine Power Plants.
520 ## - SUMMARY, ETC.
Summary, etc This book describes the history and development of marine power plant. Problems of arrangement, general construction and parameters of marine power plants of all types are considered. It also introduces different characteristics of each type of marine power plant, matching characteristic for diesel propulsion. The book gives a clear idea about different marine power engines, including working principle, structure and application. Readers will understand easily the power system for ships since there are a lot of illustrations and instructions for each of the equipment. This book is useful for students majoring in “marine engineering”, “energy and power engineering” and other related majors. It is also useful for operators of marine institution for learning main design and operation of ship plants.
650 #0 - SUBJECT ADDED ENTRY--TOPICAL TERM
Topical term or geographic name as entry element Marine engineering.
Topical term or geographic name as entry element Electric power production.
Topical term or geographic name as entry element Engines.
Topical term or geographic name as entry element Marine Engineering.
Topical term or geographic name as entry element Mechanical Power Engineering.
Topical term or geographic name as entry element Engine Technology.
700 1# - ADDED ENTRY--PERSONAL NAME
Personal name Wen, Huabing.
Relator term author.
Relator code aut
-- http://id.loc.gov/vocabulary/relators/aut
Personal name Yang, Xinglin.
Relator term author.
Relator code aut
-- http://id.loc.gov/vocabulary/relators/aut
Personal name Gorbov, Viktor.
Relator term author.
Relator code aut
-- http://id.loc.gov/vocabulary/relators/aut
Personal name Mitienkova, Vira.
Relator term author.
Relator code aut
-- http://id.loc.gov/vocabulary/relators/aut
Personal name Serbin, Serhiy.
Relator term author.
Relator code aut
-- http://id.loc.gov/vocabulary/relators/aut
710 2# - ADDED ENTRY--CORPORATE NAME
Corporate name or jurisdiction name as entry element SpringerLink (Online service)
773 0# - HOST ITEM ENTRY
Title Springer Nature eBook
776 08 - ADDITIONAL PHYSICAL FORM ENTRY
Display text Printed edition:
International Standard Book Number 9789813349346
Display text Printed edition:
International Standard Book Number 9789813349360
Display text Printed edition:
International Standard Book Number 9789813349377
856 40 - ELECTRONIC LOCATION AND ACCESS
Uniform Resource Identifier <a href="https://doi.org/10.1007/978-981-33-4935-3">https://doi.org/10.1007/978-981-33-4935-3</a>
942 ## - ADDED ENTRY ELEMENTS (KOHA)
Source of classification or shelving scheme
Item type E-Book
950 ## - LOCAL HOLDINGS (RLIN)
Classification number, LCAL (RLIN) Engineering (SpringerNature-11647)
Classification number, LCAL (RLIN) Engineering (R0) (SpringerNature-43712)

No items available.

Designed and Maintained by IMU-KC Library, Kolkata Campus © Copyright All Rights Reserved

webs counters

Powered by Koha